000
00294nam a22001337a 4500
008
260325b ||||| |||| 00| 0 eng d
020
_a
9789951059329
041
_a
Shqip
080
_a
821.133
100
_a
25
101
_a
Ngjarje
245
_a
Dy vjet Pushime
_c
Zhyl Vern
942
_2
udc
_c
BK
999
_c
60934
_d
60934